[Event "Palanga Baltija op-A"]
[Site "Palanga"]
[Date "2014.06.20"]
[Round "7"]
[White "Bekhovskiy, Mikhail"]
[Black "Kassani, Sam"]
[Result "1/2-1/2"]
[WhiteElo "2023"]
[BlackElo "2103"]
[PlyCount "121"]
[EventDate "2014.06.16"]
[EventType "swiss"]
[EventRounds "9"]
[EventCountry "LTU"]
[SourceTitle "CBM 161 Extra"]
[Source "ChessBase"]
[SourceDate "2014.08.29"]
[SourceVersion "1"]
[SourceVersionDate "2014.08.29"]
[SourceQuality "1"]

1. d4 d5 2. Nf3 Nf6 3. Bf4 c5 4. e3 Qb6 5. Nc3 Bd7 6. Rb1 e6 7. a3 Be7 8. Be2 0-0 9. 0-0 Rc8 10. Ne5 Be8 11. Qd2 a6 12. h3 cxd4 13. exd4 Nc6 14. Nxc6 Rxc6 15. Bd3 Rd8 16. Ne2 Rcc8 17. c3 Bb5 18. Nc1 Ne4 19. Qe3 a5 20. Re1 Bxd3 21. Nxd3 Re8 22. f3 Nf6 23. Bg5 Nd7 24. Bxe7 Rxe7 25. Ne5 Nf6 26. Nd3 Ne8 27. Kh1 Nd6 28. Qe2 Rce8 29. Qf2 f6 30. Re2 Nf7 31. Rbe1 e5 32. dxe5 Qxf2 33. Rxf2 fxe5 34. Rfe2 b6 35. Kg1 g5 36. Nf2 Kg7 37. Rd1 Rd8 38. Ng4 h5 39. Ne3 Red7 40. Red2 d4 41. cxd4 exd4 42. Nf5+ Kf6 43. Nxd4 a4 44. Nb3 Rxd2 45. Nxd2 Kf5 46. Kf2 h4 47. Nc4 Rxd1 48. Ne3+ Kf4 49. Nxd1 Ne5 50. Nc3 Nd3+ 51. Ke2 Nxb2 52. Nd5+ Ke5 53. Nxb6 Kd4 54. Kf2 Kc5 55. Nxa4+ Nxa4 56. f4 gxf4 57. Kf3 Nc3 58. Kxf4 Nd5+ 59. Kg4 Ne3+ 60. Kxh4 Nxg2+ 61. Kg3 1/2-1/2

[Event "Palanga Baltija op-A"]
[Site "Palanga"]
[Date "2014.06.20"]
[Round "8"]
[White "Kassani, Sam"]
[Black "Zukauskas, Arnas Povilas"]
[Result "1-0"]
[WhiteElo "2103"]
[BlackElo "1653"]
[PlyCount "87"]
[EventDate "2014.06.16"]
[EventType "swiss"]
[EventRounds "9"]
[EventCountry "LTU"]
[SourceTitle "CBM 161 Extra"]
[Source "ChessBase"]
[SourceDate "2014.08.29"]
[SourceVersion "1"]
[SourceVersionDate "2014.08.29"]
[SourceQuality "1"]

1. d4 Nf6 2. Nf3 g6 3. Bf4 Bg7 4. e3 0-0 5. h3 d6 6. Be2 c5 7. 0-0 Nc6 8. c3 Re8 9. Bh2 b6 10. a4 e6 11. Na3 d5 12. Nb5 Re7 13. Nd6 Rd7 14. Nxc8 Qxc8 15. a5 c4 16. a6 Ne4 17. Nd2 Nxd2 18. Qxd2 Na5 19. Qd1 Nb3 20. Ra2 Bf8 21. e4 Bd6 22. e5 Be7 23. f4 f5 24. exf6 Bxf6 25. Bg4 Qc6 26. Re1 Re7 27. Qe2 Rae8 28. Bf3 Kf7 29. g4 Rg8 30. Qg2 Kf8 31. Bd1 Na5 32. Ra1 Ke8 33. Bc2 Kd8 34. Re3 Rge8 35. Rae1 Qc8 36. Ba4 Nc6 37. Bb5 Qd7 38. Bg3 h5 39. g5 Bg7 40. Qd2 Rf8 41. Qd1 Qc8 42. Kh1 Rfe8 43. Qa4 Kd7 44. Qa3 1-0

[Event "Palanga Baltija op-A"]
[Site "Palanga"]
[Date "2014.06.18"]
[Round "5"]
[White "Gucaga, Augustas"]
[Black "Kassani, Sam"]
[Result "0-1"]
[WhiteElo "1538"]
[BlackElo "2103"]
[PlyCount "49"]
[EventDate "2014.06.16"]
[EventType "swiss"]
[EventRounds "9"]
[EventCountry "LTU"]
[SourceTitle "CBM 161 Extra"]
[Source "ChessBase"]
[SourceDate "2014.08.29"]
[SourceVersion "1"]
[SourceVersionDate "2014.08.29"]
[SourceQuality "1"]

1. e4 c5 2. Nf3 g6 3. d4 cxd4 4. Nxd4 Nc6 5. Nc3 Bg7 6. Be3 Nf6 7. Bc4 0-0 8. Bb3 a5 9. 0-0 a4 10. Nxa4 Nxe4 11. Nb5 Ra6 12. Rb1 d6 13. f3 Nf6 14. Nbc3 Na5 15. Bd5 b5 16. Nxb5 Nxd5 17. Qxd5 Be6 18. Qd3 Bc4 19. Qa3 Bxb5 20. Rfe1 Nc4 21. Qb4 Qa5 22. Qxa5 Rxa5 23. Nc3 Nxe3 24. Nxb5 Rxb5 25. Rxe3 0-1

[Event "Palanga Baltija op-A"]
[Site "Palanga"]
[Date "2014.06.17"]
[Round "2"]
[White "Kassani, Sam"]
[Black "Tsvetkov, Andrey"]
[Result "1-0"]
[WhiteElo "2103"]
[BlackElo "1816"]
[PlyCount "99"]
[EventDate "2014.06.16"]
[EventType "swiss"]
[EventRounds "9"]
[EventCountry "LTU"]
[SourceTitle "CBM 161 Extra"]
[Source "ChessBase"]
[SourceDate "2014.08.29"]
[SourceVersion "1"]
[SourceVersionDate "2014.08.29"]
[SourceQuality "1"]

1. d4 Nf6 2. Nf3 g6 3. Bf4 Bg7 4. e3 0-0 5. Be2 b6 6. 0-0 Bb7 7. c4 d6 8. Nc3 Nbd7 9. h3 Rc8 10. Qc2 c5 11. d5 a6 12. a4 Ne8 13. Rad1 Nc7 14. e4 a5 15. Bh2 f6 16. Ne1 Ne5 17. f4 Nf7 18. Nf3 Rb8 19. Rfe1 Na6 20. Bf1 Nb4 21. Qb1 Ba6 22. Nb5 Bxb5 23. axb5 Qc7 24. g4 Ra8 25. Bg2 Ra7 26. Re2 a4 27. e5 dxe5 28. fxe5 fxe5 29. Rde1 a3 30. bxa3 Rxa3 31. Nxe5 Nxe5 32. Bxe5 Bxe5 33. Rxe5 Ra2 34. Qe4 Rff2 35. Bf3 Qd6 36. Be2 Rf7 37. Rf1 Rxf1+ 38. Kxf1 Qf6+ 39. Bf3 Ra3 40. Kg2 Nd3 41. Rxe7 Ne1+ 42. Qxe1 Qxf3+ 43. Kg1 Ra2 44. Qe6+ Kf8 45. Re8+ Kg7 46. Qe7+ Kh6 47. g5+ Kh5 48. Qxh7+ Kxg5 49. Qe7+ Qf6 50. h4+ 1-0

[Event "Palanga Baltija op-A"]
[Site "Palanga"]
[Date "2014.06.17"]
[Round "3"]
[White "Vaitonis, Vytautas"]
[Black "Kassani, Sam"]
[Result "0-1"]
[WhiteElo "1983"]
[BlackElo "2103"]
[PlyCount "72"]
[EventDate "2014.06.16"]
[EventType "swiss"]
[EventRounds "9"]
[EventCountry "LTU"]
[SourceTitle "CBM 161 Extra"]
[Source "ChessBase"]
[SourceDate "2014.08.29"]
[SourceVersion "1"]
[SourceVersionDate "2014.08.29"]
[SourceQuality "1"]

1. d4 d5 2. c4 c6 3. Nf3 Nf6 4. e3 Bf5 5. Nc3 e6 6. Be2 Nbd7 7. Nh4 Bg6 8. Nxg6 hxg6 9. Qc2 Bd6 10. h3 Qe7 11. Qb3 Rb8 12. Bd2 0-0 13. 0-0-0 dxc4 14. Bxc4 b5 15. Bd3 c5 16. dxc5 Nxc5 17. Qc2 Rfc8 18. Kb1 b4 19. Ne2 Nce4 20. Bxe4 Rxc2 21. Bxc2 Nd5 22. Bb3 a5 23. Nd4 Qe8 24. Rc1 a4 25. Bxd5 exd5 26. f3 a3 27. b3 Rb6 28. Rc2 Be5 29. Rhc1 Kh7 30. Nc6 Bb2 31. Nxb4 Bxc1 32. Rxc1 Qb5 33. Bc3 Qe2 34. Re1 Qxg2 35. Nxd5 Rc6 36. Bd4 Qc2+ 0-1

[Event "SWE-chT2 1314"]
[Site "Sweden"]
[Date "2014.03.08"]
[Round "8"]
[White "Landgren, Andreas"]
[Black "Kassani, Sam"]
[Result "1/2-1/2"]
[WhiteElo "2193"]
[BlackElo "2083"]
[PlyCount "145"]
[EventDate "2013.11.22"]
[EventType "team-tourn"]
[EventRounds "9"]
[EventCountry "SWE"]
[SourceTitle "EXT 2015"]
[Source "ChessBase"]
[SourceDate "2014.11.20"]
[SourceVersion "1"]
[SourceVersionDate "2014.11.20"]
[SourceQuality "1"]
[WhiteTeam "Solna"]
[BlackTeam "Sollentuna"]
[WhiteTeamCountry "SWE"]
[BlackTeamCountry "SWE"]

1. d4 d5 2. c4 c6 3. Nf3 Nf6 4. Nc3 dxc4 5. a4 Bf5 6. Ne5 Nbd7 7. Nxc4 Nb6 8. Ne5 a5 9. g3 e6 10. Bg2 Bb4 11. 0-0 0-0 12. e3 h6 13. Qe2 Nfd7 14. Nxd7 Nxd7 15. Rd1 Qe7 16. Na2 e5 17. Nxb4 axb4 18. dxe5 Nxe5 19. e4 Bg4 20. f3 Be6 21. Be3 Rfd8 22. Qc2 Nc4 23. Bf2 Qf6 24. Rab1 b3 25. Qxb3 Nd2 26. Qxb7 Nxb1 27. Rxb1 Rxa4 28. Qxc6 Rda8 29. Qc1 Bb3 30. f4 Qa6 31. e5 Rc8 32. Qe1 Qd3 33. Bf1 Qc2 34. Bg2 Rac4 35. Be3 Ba2 36. Rd1 Qxb2 37. Bh3 Re8 38. Bf5 Rc7 39. Bd4 Qb7 40. Be4 Qc8 41. Qe3 Be6 42. Ra1 Qd7 43. Bb6 Rc4 44. Bd3 Rb4 45. Rd1 Qb7 46. Bc5 Bh3 47. Bf1 Bxf1 48. Rxf1 Rb3 49. Qe2 Qd5 50. Bf2 Rd3 51. Qc2 Rd8 52. Re1 Ra8 53. f5 Ra2 54. Qc5 Qf3 55. e6 fxe6 56. fxe6 Rd1 57. Rxd1 Qxd1+ 58. Kg2 Qe2 59. Qf5 Ra7 60. Qd5 Ra6 61. e7+ Kh7 62. Qf5+ Rg6 63. h4 h5 64. e8Q Qxe8 65. Qxh5+ Kg8 66. Qd5+ Re6 67. Kh2 Kh8 68. Kg2 Re5 69. Qf3 Qe6 70. Qa8+ Kh7 71. Qf3 Re4 72. Qh5+ Kg8 73. Qf3 1/2-1/2

[Event "Rilton Cup 43rd"]
[Site "Stockholm"]
[Date "2013.12.27"]
[Round "1"]
[White "Sagit, Rauan"]
[Black "Kassani, Sam"]
[Result "1-0"]
[WhiteElo "2369"]
[BlackElo "2095"]
[PlyCount "123"]
[EventDate "2013.12.27"]
[EventType "swiss"]
[EventRounds "9"]
[EventCountry "SWE"]
[SourceTitle "CBM 158 Extra"]
[Source "ChessBase"]
[SourceDate "2014.02.28"]
[SourceVersion "1"]
[SourceVersionDate "2014.02.28"]
[SourceQuality "1"]

1. e4 c6 2. d4 d5 3. Nc3 dxe4 4. Nxe4 Bf5 5. Ng3 Bg6 6. h4 h6 7. Nf3 Nd7 8. h5 Bh7 9. Bd3 Bxd3 10. Qxd3 e6 11. Bd2 Ngf6 12. 0-0-0 Be7 13. Kb1 0-0 14. Ne4 Nxe4 15. Qxe4 Nf6 16. Qe2 Qd5 17. Ne5 Qe4 18. Qxe4 Nxe4 19. Be3 Rfd8 20. g4 Rac8 21. f3 Nf6 22. f4 Nd5 23. Bc1 b5 24. g5 hxg5 25. fxg5 Bd6 26. Nd3 c5 27. dxc5 Bxc5 28. g6 f6 29. h6 Bf8 30. hxg7 Bxg7 31. Rde1 e5 32. Bh6 Bxh6 33. Rxh6 Kg7 34. Rh7+ Kxg6 35. Rxa7 Kf5 36. Rf1+ Ke6 37. b4 e4 38. Ra6+ Ke7 39. Nc5 e3 40. Kb2 Rd6 41. Ra5 Rb6 42. a3 Kd6 43. Ra7 Rxc5 44. bxc5+ Kxc5 45. Rf5 Kd6 46. Kc1 Ke6 47. Rf3 Ke5 48. Ra8 Re6 49. Rh8 Ke4 50. Rg3 f5 51. Rgg8 Rc6 52. Re8+ Kf3 53. Re5 Nf4 54. Rxf5 e2 55. Re8 Rc4 56. Rxb5 Kf2 57. Kd2 Rd4+ 58. Kc3 Ra4 59. Rbe5 Rxa3+ 60. Kd2 Ra2 61. Rf8 Ra4 62. Rxe2+ 1-0

[Event "SWE-chT2 1314"]
[Site "Sweden"]
[Date "2013.11.23"]
[Round "2"]
[White "Karlsson, Ulf"]
[Black "Kassani, Sam"]
[Result "1/2-1/2"]
[WhiteElo "1982"]
[BlackElo "2083"]
[PlyCount "124"]
[EventDate "2013.11.22"]
[EventType "team-tourn"]
[EventRounds "9"]
[EventCountry "SWE"]
[SourceTitle "EXT 2015"]
[Source "ChessBase"]
[SourceDate "2014.11.20"]
[SourceVersion "1"]
[SourceVersionDate "2014.11.20"]
[SourceQuality "1"]
[WhiteTeam "Limhamn II"]
[BlackTeam "Sollentuna"]
[WhiteTeamCountry "SWE"]
[BlackTeamCountry "SWE"]

1. e4 c6 2. d4 d5 3. Nc3 dxe4 4. Nxe4 Bf5 5. Ng3 Bg6 6. h4 h6 7. Nf3 Nd7 8. h5 Bh7 9. Bd3 Bxd3 10. Qxd3 e6 11. Bf4 Qa5+ 12. Nd2 Ngf6 13. c4 Be7 14. Qe2 0-0 15. 0-0 Rfe8 16. Nde4 Nxe4 17. Nxe4 Nf6 18. Nxf6+ Bxf6 19. Be5 Bxe5 20. dxe5 Rad8 21. Rfd1 Rxd1+ 22. Rxd1 Qxa2 23. Rd7 Qb3 24. g3 Qb4 25. Kg2 a5 26. g4 Rb8 27. Qf3 Qf8 28. Qd3 b5 29. Rd6 bxc4 30. Qxc4 Rxb2 31. Qxc6 Qb8 32. Rd7 Qxe5 33. Rd8+ Kh7 34. Qa8 g6 35. hxg6+ Kxg6 36. Qf3 Kg7 37. Qa3 Rb4 38. Qf3 Rf4 39. Qd1 Qe4+ 40. Kg3 Qe5 41. Kg2 a4 42. Rd3 Qf6 43. Qe2 e5 44. Re3 Qe6 45. Kg3 f6 46. Qd2 Rd4 47. Qa5 Qd7 48. f3 Rd5 49. Qa6 Rd6 50. Qc4 Qc6 51. Qb4 Qb6 52. Qc3 Qd4 53. Qa3 Rd7 54. Re4 Qg1+ 55. Kh3 Qh1+ 56. Kg3 h5 57. gxh5 Qg1+ 58. Kh3 Qh1+ 59. Kg3 Qxh5 60. Rg4+ Kf7 61. Qa2+ Ke7 62. Rg7+ Kd8 1/2-1/2

[Event "SWE-chT2 1314"]
[Site "Sweden"]
[Date "2013.11.22"]
[Round "1"]
[White "Madebrink, Lars"]
[Black "Kassani, Sam"]
[Result "1/2-1/2"]
[WhiteElo "2214"]
[BlackElo "2083"]
[PlyCount "104"]
[EventDate "2013.11.22"]
[EventType "team-tourn"]
[EventRounds "9"]
[EventCountry "SWE"]
[SourceTitle "EXT 2015"]
[Source "ChessBase"]
[SourceDate "2014.11.20"]
[SourceVersion "1"]
[SourceVersionDate "2014.11.20"]
[SourceQuality "1"]
[WhiteTeam "Kamraterna"]
[BlackTeam "Sollentuna"]
[WhiteTeamCountry "SWE"]
[BlackTeamCountry "SWE"]

1. d4 d5 2. Nf3 Nf6 3. c4 c6 4. e3 Bf5 5. Nc3 e6 6. Be2 Bd6 7. 0-0 Nbd7 8. Bd2 h6 9. Rc1 0-0 10. a3 dxc4 11. Bxc4 Qe7 12. Re1 Ne4 13. Nxe4 Bxe4 14. Bc3 Rae8 15. Nd2 Bg6 16. e4 e5 17. d5 cxd5 18. Bxd5 Nb6 19. Nc4 Nxc4 20. Bxc4 Kh7 21. Qe2 Rc8 22. Bd5 Rfd8 23. Bd2 Bc5 24. Be3 b6 25. Qa6 Rb8 26. b4 Bxe3 27. Rxe3 f5 28. Qe2 f4 29. Rec3 Rd7 30. Qg4 Bf7 31. Qf5+ Bg6 32. Qh3 Rbd8 33. Qg4 Bf7 34. Bxf7 Qxf7 35. h3 Rd4 36. Rc7 R8d7 37. Rc8 f3 38. Ra8 Rd1+ 39. Rxd1 Rxd1+ 40. Kh2 Rd3 41. a4 fxg2 42. Qf5+ Qxf5 43. exf5 Rxh3+ 44. Kxg2 Rh4 45. Rxa7 Rxb4 46. f6 Rg4+ 47. Kf1 Rg6 48. f7 Rf6 49. Rb7 Rf4 50. Rxb6 Rxf7 51. a5 Rf3 52. Re6 Ra3 1/2-1/2